झाँसी की वीरांगना / (Record no. 212064)
[ view plain ]
| 000 -LEADER | |
|---|---|
| fixed length control field | 00847nam a22001937a 4500 |
| 005 - DATE AND TIME OF LATEST TRANSACTION | |
| control field | 20250703161255.0 |
| 010 ## - LCCN (DPL NO) | |
| LC control number | HIN-129902 |
| 020 ## - INTERNATIONAL STANDARD BOOK NUMBER | |
| Terms of availability | 500.00 |
| International Standard Book Number | 9789392012037 |
| 035 ## - SYSTEM CONTROL NUMBER | |
| System control number | HN-102248 |
| 037 ## - SOURCE OF ACQUISITION | |
| Source of stock number/acquisition | DBAD |
| 082 ## - DEWEY DECIMAL CLASSIFICATION NUMBER | |
| Classification number | 921 |
| 100 ## - MAIN ENTRY--PERSONAL NAME | |
| Personal name | अग्रवाल प्रमोद कुमार |
| 245 ## - TITLE STATEMENT | |
| Title | झाँसी की वीरांगना / |
| Statement of responsibility, etc | प्रमोद कुमार अग्रवाल |
| 250 ## - EDITION STATEMENT | |
| Edition statement | 1 |
| 260 ## - PUBLICATION, DISTRIBUTION, ETC. (IMPRINT) | |
| Place of publication, distribution, etc | दिल्ली |
| Name of publisher, distributor, etc | प्रतिभा प्रतिष्ठान |
| 270 ## - ADDRESS | |
| City | दिल्ली |
| Address | 694-बी (निकट अजय मार्किट) चावड़ी बाजार , दिल्ली - 110006 |
| 300 ## - PHYSICAL DESCRIPTION | |
| Extent | 224 ,पृ. |
| Other physical details | 22.2 से.मी.(सजिल्द) |
| 942 ## - ADDED ENTRY ELEMENTS (KOHA) | |
| Source of classification or shelving scheme | Dewey Decimal Classification |
| Item type | Hindi Books |
| Classification part | 921 |
| Call number suffix | अग्रवा |
| Edition | 1 |
| Withdrawn status | Lost status | Not for loan | Collection code | Home library | Current library | Date acquired | Source of acquisition | Cost, normal purchase price | Full call number | Barcode | Cost, replacement price | Koha item type |
|---|---|---|---|---|---|---|---|---|---|---|---|---|
| Non-fiction | Ashok Vihar | Ashok Vihar | 03/07/2025 | DBAD | 500.00 | 921 अग्रवा | HN-102248 | 500.00 | Hindi Books |
